| 000 | 00599nam a2200169Ia 4500 | ||
|---|---|---|---|
| 003 | GCL | ||
| 008 | 140319s9999 xx 000 0 ara d | ||
| 040 |
_aGCL / _cGCL |
||
| 082 | 0 | 4 |
_a230 _bع م |
| 100 | 1 | _aعبدالستار محفوظ | |
| 245 | 1 | 0 |
_aمناجاة من دعاء الرسول صلى الله عليه وسلم والصحابة والصالحين / _cعبدالستار محفوظ |
| 260 |
_a[S.N] : _bمكتبة التراث الاسلامى ، _c1991 |
||
| 490 | _a | ||
| 650 | 0 | 4 | _aالاحاديث النبوية |
| 650 | 0 | 4 | _aالادعية والاوراد |
| 942 |
_2ddc _cBK |
||
| 999 |
_c54343 _d54343 |
||